Statistiche per Paesi più vicini all'Uganda

Clicka qui per fare il quiz!

Statistiche generali

  • Questo quiz è stato fatto 38 volte
  • Il punteggio medio è 17 su 20

Statistiche sulle risposte

kmnazione% Corretto
1287Congo
97%
195Etiopia
97%
0Rep Dem Congo
97%
666Somalia
97%
589Sudan
97%
1154Eritrea
94%
0Kenya
94%
0Sud Sudan
94%
0Tanzania
94%
0Ruanda
91%
1205Ciad
88%
816Zambia
88%
1143Gibuti
85%
1231Mozambico
85%
95Burundi
82%
414Repubblica
Centrafricana
76%
1091Angola
65%
942Malawi
62%
1522Camerun
50%
1397Yemen
26%

Distribuzione punteggi

Percentile per numero di risposta

Percentuale di utenti per punteggio

I tuoi punteggi nel tempo

Non hai fatto questo quiz